ORGANIZATIONAL BEHAVIOUR TEST AND CASES (Record no. 22911)

MARC details
000 -LEADER
fixed length control field 00353nam a22001577a 4500
003 - CONTROL NUMBER IDENTIFIER
control field SGT
020 ## - INTERNATIONAL STANDARD BOOK NUMBER
International Standard Book Number 9789325986695
082 ## - DEWEY DECIMAL CLASSIFICATION NUMBER
Classification number 302.35,SIN
100 ## - MAIN ENTRY--PERSONAL NAME
Personal name SINGH KAVITA
245 ## - TITLE STATEMENT
Title ORGANIZATIONAL BEHAVIOUR TEST AND CASES
250 ## - EDITION STATEMENT
Edition statement 3RD
260 ## - PUBLICATION, DISTRIBUTION, ETC. (IMPRINT)
Place of publication, distribution, etc NOIDA
Name of publisher, distributor, etc VIKAS PUBLISHING
Year of Publication 2021
300 ## - PAGE DESCRIPTION
No. of Pages 564
650 ## - SUBJECT ADDED ENTRY--TOPICAL TERM
Topical term or geographic name as entry element PSYCHOLOGY
942 ## - ADDED ENTRY ELEMENTS (KOHA)
Source of classification or shelving scheme Dewey Decimal Classification
Koha item type Books
Holdings
Withdrawn status Lost status Source of classification or shelving scheme Damaged status Use restrictions Not for loan Collection code Home library Current library Shelving location Date acquired Vendor Name Cost, normal purchase price SGTU Bill Number Full call number Accession No. (Barcode) Date last seen Bill Date Koha item type
    Dewey Decimal Classification   Restricted Access Not For Loan ENGINEERING SGT Engineering Library SGT Engineering Library Reference Book 22/06/2022 AHUJA BOOK COMPANY PVT.LTD 499.00 SGTU 14478 302.35,SIN FE8438 22/06/2022 19/05/2022 Books